Büdcə uçotu (Record no. 427)
[ view plain ]
| 000 -LEADER | |
|---|---|
| fixed length control field | 02384nam a2200325 4500 |
| 003 - CONTROL NUMBER IDENTIFIER | |
| control field | OSt |
| 005 - DATE AND TIME OF LATEST TRANSACTION | |
| control field | 20260512121612.0 |
| 008 - FIXED-LENGTH DATA ELEMENTS--GENERAL INFORMATION | |
| fixed length control field | 260512b |||||||| |||| 00| 0 aze d |
| 040 ## - CATALOGING SOURCE | |
| Original cataloging agency | AZ-XaKU |
| Language of cataloging | aze |
| Transcribing agency | AZ-XaKU |
| 041 0# - LANGUAGE CODE | |
| Language code of text/sound track or separate title | aze |
| 050 14 - LIBRARY OF CONGRESS CALL NUMBER | |
| Classification number | HJ9925 .A9 .K43 2000 |
| 100 1# - MAIN ENTRY--PERSONAL NAME | |
| Personal name | Xankişiyev, Bəybala. |
| Relator term | müəllif |
| 245 10 - TITLE STATEMENT | |
| Title | Büdcə uçotu |
| Remainder of title | : dərs vəsaiti |
| Statement of responsibility, etc. | / Bəybala Xankişiyev ; elmi redaktor S. N. İsmayılov ; rəyçilər Ş. Bədəlov, M. Rəsulov |
| 264 ## - PRODUCTION, PUBLICATION, DISTRIBUTION, MANUFACTURE, AND COPYRIGHT NOTICE | |
| Place of production, publication, distribution, manufacture | Bakı : |
| Name of producer, publisher, distributor, manufacturer | "Biznes Universiteti , |
| Date of production, publication, distribution, manufacture, or copyright notice | 2000. |
| 300 ## - PHYSICAL DESCRIPTION | |
| Extent | 198, [2] səhifə ; |
| Dimensions | 20 sm. |
| 336 ## - CONTENT TYPE | |
| Content type term | text |
| Content type code | txt |
| Source | rdacontent |
| 337 ## - MEDIA TYPE | |
| Media type term | unmediated |
| Media type code | n |
| Source | rdamedia |
| 338 ## - CARRIER TYPE | |
| Carrier type term | volume |
| Carrier type code | nc |
| Source | rdacarrier |
| 500 ## - GENERAL NOTE | |
| General note | Azərbaycan Respublikası Təhsil Nazirliyinin 23.05.200-ci il tarixli 494 saylı əmri ilə ali məktəb tələbələri üçün dərs vəsaiti kimi tövsiyə edilmişdir. |
| 504 ## - BIBLIOGRAPHY, ETC. NOTE | |
| Bibliography, etc. note | İstifadə olunmuş ədəbiyyat : s. 198. |
| 505 0# - Formatted Contents Note | |
| Formatted contents note | Giriş -- I Fəsil. Mühasibat uçotu haqqında ümumi müddəalar -- II Fəsil. Büdcə idarə, müəssisə və təşkilatlarında büdcə uçotunun təşkili -- III Fəsil. Büdcə idarə, müəssisə və təşkilatlarında büdcə uçotunun təşkili -- IV Fəsil. Büdcə idarə, müəssisə və təşkilatlarında material ehtiyatlarının uçotu -- V Fəsil. Büdcə idarə, müəssisə və təşkilatlarında maliyyələşmənin, pul vəsaitlərinin və xərclərin uçotu -- VI Fəsil. Büdcə idarə, müəssisə və təşkilatlarında hesablaşmaların uçotu -- VII Fəsil. Büdcədənkənar vəsaitlərin uçotu -- VIII Fəsil. Büdcə idarə, müəssisə və təşkilatlarının hesabatları. |
| 520 0# - SUMMARY, ETC. | |
| Summary, etc. | Ali məktəblərdə "Maliyyə-kredit" ixtisası üzrə mütəxəssislər hazırlanması üçün yazılmş bu dərs vəsaiti "Büdcə uçotu və hesabatı" fənninin proqramına uyğun hazırlanmışdır. O, habelə maliyyə ixtisası üzrə kadr hazırlayan texnikum və kollec tələbələrinə və eləcə də büdcədən maliyyələşən idarə, müəssisə və təşkilatlarda işləyən işçilərə köməklik göstərə bilər. |
| 650 #7 - SUBJECT ADDED ENTRY--TOPICAL TERM | |
| Source of heading or term | AZ-XaKU |
| Topical term or geographic name entry element | Dövlət maliyyəsi |
| General subdivision | Audit |
| Geographic subdivision | Azərbaycan. |
| 655 ## - INDEX TERM--GENRE/FORM | |
| Source of term | AZ-XaKU |
| Genre/form data or focus term | Dərs vəsaiti |
| 700 1# - ADDED ENTRY--PERSONAL NAME | |
| Personal name | İsmayılov, S. N., |
| Relator term | elmi redaktor. |
| 700 1# - ADDED ENTRY--PERSONAL NAME | |
| Personal name | Bədəlov, Ş., |
| Relator term | rəyçi. |
| 700 1# - ADDED ENTRY--PERSONAL NAME | |
| Personal name | Rəsulov, M., |
| Relator term | rəyçi. |
| 942 ## - ADDED ENTRY ELEMENTS (KOHA) | |
| Koha item type | Book |
| Withdrawn status | Lost status | Source of classification or shelving scheme | Damaged status | Not for loan | Collection | Home library | Current library | Date acquired | Total checkouts | Full call number | Barcode | Date last seen | Copy number | Price effective from | Koha item type |
|---|---|---|---|---|---|---|---|---|---|---|---|---|---|---|---|
| Library of Congress Classification | Business & Economics Collection | Karabakh University Main Library | Karabakh University Main Library | 05/12/2026 | HJ9925 .A9 .K43 2000 | 0000000761 | 05/12/2026 | 1 | 05/12/2026 | Book |